<?xml version="1.0" encoding="UTF-8"?>
<collection xmlns="http://www.loc.gov/MARC21/slim">
    <record>
        <controlfield tag="001">60988</controlfield>
        <controlfield tag="005">20190709135504.0</controlfield>
        <datafield tag="024" ind1="7" ind2=" ">
            <subfield code="2">doi</subfield>
            <subfield code="a">10.3989/ris.2017.75.1.15.05</subfield>
        </datafield>
        <datafield tag="024" ind1="8" ind2=" ">
            <subfield code="2">sideral</subfield>
            <subfield code="a">97979</subfield>
        </datafield>
        <datafield tag="037" ind1=" " ind2=" ">
            <subfield code="a">ART-2017-97979</subfield>
        </datafield>
        <datafield tag="041" ind1=" " ind2=" ">
            <subfield code="a">spa</subfield>
        </datafield>
        <datafield tag="100" ind1=" " ind2=" ">
            <subfield code="a">Táboas-Pais, M.I.</subfield>
        </datafield>
        <datafield tag="245" ind1=" " ind2=" ">
            <subfield code="a">Proyecto Polcor: Análisis de las políticas deportivas en los programas electorales</subfield>
        </datafield>
        <datafield tag="260" ind1=" " ind2=" ">
            <subfield code="c">2017</subfield>
        </datafield>
        <datafield tag="506" ind1="0" ind2=" ">
            <subfield code="a">Access copy available to the general public</subfield>
            <subfield code="f">Unrestricted</subfield>
        </datafield>
        <datafield tag="520" ind1="3" ind2=" ">
            <subfield code="a">Este artículo presenta un análisis del discurso político, vinculado a las prácticas físico-deportivas, de los partidos que concurrieron a las elecciones generales del año 2011 en España. El sistema de codificación desarrollado permite identificar mediante el análisis de contenido de los programas electorales los posicionamientos ideológicos, las preferencias y principales propuestas de actuación política de los partidos respecto al deporte y otras prácticas corporales. Los resultados del análisis de contenido mostraron un discurso homogeneizador centrado en la economía de la salud y el rendimiento deportivo, y en él adquieren importancia las propuestas a favor de unir la cultura corporal con el medio ambiente. Frente a este discurso dominante se constató la existencia de voces divergentes. Estos hallazgos evidencian las principales propuestas de actuación política y capitales hegemónicos en el campo de las actividades físico-deportivas.

This article presents an analysis of the political discourse linked to sport-related activities in the political parties’ manifestos for the 2011 general elections in Spain. The coding system involves a content analysis of election manifestos and enables the identification of the ideological positions, preferences and main proposals concerning sporting and corporal activities put forward by political parties. The results of the content analysis revealed a homogenised discourse focused on the economics of health and sporting performance which advocated the amalgamation of corporal culture and environmental strategies. However, a number of parties offered a range of alternatives to this dominant approach. The findings highlight the main proposals for political action and hegemonic capital in the field of sport and physical activity.</subfield>
        </datafield>
        <datafield tag="540" ind1=" " ind2=" ">
            <subfield code="9">info:eu-repo/semantics/openAccess</subfield>
            <subfield code="a">by</subfield>
            <subfield code="u">http://creativecommons.org/licenses/by/3.0/es/</subfield>
        </datafield>
        <datafield tag="590" ind1=" " ind2=" ">
            <subfield code="a">0.604</subfield>
            <subfield code="b">2017</subfield>
        </datafield>
        <datafield tag="591" ind1=" " ind2=" ">
            <subfield code="a">SOCIOLOGY</subfield>
            <subfield code="b">114 / 146 = 0.781</subfield>
            <subfield code="c">2017</subfield>
            <subfield code="d">Q4</subfield>
            <subfield code="e">T3</subfield>
        </datafield>
        <datafield tag="592" ind1=" " ind2=" ">
            <subfield code="a">0.258</subfield>
            <subfield code="b">2017</subfield>
        </datafield>
        <datafield tag="593" ind1=" " ind2=" ">
            <subfield code="a">Social Sciences (miscellaneous)</subfield>
            <subfield code="c">2017</subfield>
            <subfield code="d">Q3</subfield>
        </datafield>
        <datafield tag="655" ind1=" " ind2="4">
            <subfield code="a">info:eu-repo/semantics/article</subfield>
            <subfield code="v">info:eu-repo/semantics/publishedVersion</subfield>
        </datafield>
        <datafield tag="700" ind1=" " ind2=" ">
            <subfield code="0">(orcid)0000-0002-2355-7245</subfield>
            <subfield code="a">Canales-Lacruz, I.</subfield>
            <subfield code="u">Universidad de Zaragoza</subfield>
        </datafield>
        <datafield tag="700" ind1=" " ind2=" ">
            <subfield code="a">Rey-Cao, A.</subfield>
        </datafield>
        <datafield tag="710" ind1="2" ind2=" ">
            <subfield code="1">3001</subfield>
            <subfield code="2">187</subfield>
            <subfield code="a">Universidad de Zaragoza</subfield>
            <subfield code="b">Dpto. Expres.Music.Plást.Corp.</subfield>
            <subfield code="c">Área Didáctica Expres.Corporal</subfield>
        </datafield>
        <datafield tag="773" ind1=" " ind2=" ">
            <subfield code="g">75, 1 (2017), e50 [17 pp.]</subfield>
            <subfield code="p">Rev. int. sociol.</subfield>
            <subfield code="t">Revista Internacional de Sociologia</subfield>
            <subfield code="x">0034-9712</subfield>
        </datafield>
        <datafield tag="856" ind1="4" ind2=" ">
            <subfield code="s">528044</subfield>
            <subfield code="u">http://zaguan.unizar.es/record/60988/files/texto_completo.pdf</subfield>
            <subfield code="y">Versión publicada</subfield>
        </datafield>
        <datafield tag="856" ind1="4" ind2=" ">
            <subfield code="s">94187</subfield>
            <subfield code="u">http://zaguan.unizar.es/record/60988/files/texto_completo.jpg?subformat=icon</subfield>
            <subfield code="x">icon</subfield>
            <subfield code="y">Versión publicada</subfield>
        </datafield>
        <datafield tag="909" ind1="C" ind2="O">
            <subfield code="o">oai:zaguan.unizar.es:60988</subfield>
            <subfield code="p">articulos</subfield>
            <subfield code="p">driver</subfield>
        </datafield>
        <datafield tag="951" ind1=" " ind2=" ">
            <subfield code="a">2019-07-09-11:48:06</subfield>
        </datafield>
        <datafield tag="980" ind1=" " ind2=" ">
            <subfield code="a">ARTICLE</subfield>
        </datafield>
    </record>

    
</collection>